Trend TOP v reklame a médiách

Top udalosti v reklame a médiách. Reklama. Tlač. Rádiá. Televízie. Internet.

Guardado en:
Detalles Bibliográficos
Formato: Capítulo de libro
Lenguaje:eslovaco
Materias:
Etiquetas: Agregar Etiqueta
Sin Etiquetas, Sea el primero en etiquetar este registro!

MARC

LEADER 00000naa a2200000 4500
001 0134021
005 20231113072952.8
041 0 |a slo 
044 |a SK 
245 1 0 |a Trend TOP v reklame a médiách 
520 |a Top udalosti v reklame a médiách. Reklama. Tlač. Rádiá. Televízie. Internet. 
610 2 0 |a reklama 
610 2 0 |a médiá 
610 2 0 |a tlač 
610 2 0 |a rozhlas 
610 2 0 |a televízia 
610 2 0 |a internet